00572nam a2200205Ia 450000500170000000800410001702000130005808200140007110000180008524500300010326000360013330000170016965000120018665000190019865000190021765000140023694200060025095200950025699900150035120250108234633.0240331s9999 xx 000 0 und d a09506823 bTAMa948  aTambimuttu, P 0aEurope and the dravidians aColombobH.I. Govt. Flatsc1994 aiii, 68 p ., aHistory aEurope Culture aIndian Culture aLanguages cL 001040708LaWERCLbWERCLcSSCd2024-03-31l0o 930 TAMp3649r2024-03-31w2024-03-31yL c3432d3432